000 00281nam a2200109Ia 4500
008 220204s9999 xx 000 0 und d
082 _a027.7
_bGEL
100 _aGelfand, M A
245 0 _aUniversity libraries for developing countries
260 _aParis
_bUnesco
_c1968
942 _cBK
999 _c23253
_d23253